000 00683nam a22002177a 4500
003 UA-OsUOA
001 56080
007 ta
008 20080930b un ||||| |||| 00| 0 ukr d
100 _aФалинский И. П.
090 _a330
_bФ19
942 _cSA
040 _aUA-OsUOA
_brus
_cUA-OsUOA
_dUA-OsUOA
245 _aМировое хозяйство: динамика, структура производсва, мировые товарние рынки (вторая половина ХХ - начало ХХІ в.)
300 _aС.151-154
955 _a0
041 _arus
080 _a330
773 0 _w56077
650 7 _a330 Економіка взагалі
_2UDC
999 _c342126
_d342126